Chargement en cours...
British Policy in India
| Auteur principal: | |
|---|---|
| Format: | Printed Book |
| Publié: |
New Delhi:
Deep & Deep,
1998.
|
| Sujets: |
| LEADER | 00457cam a2200145ua 4500 | ||
|---|---|---|---|
| 082 | |a 954 | ||
| 100 | |a Bakshi , S.R. | ||
| 245 | |a British Policy in India |c Bakshi S.R | ||
| 260 | |a New Delhi: |b Deep & Deep, |c 1998. | ||
| 650 | |a British Policy in India | ||
| 650 | |a British Policy | ||
| 650 | |a India | ||
| 942 | |c BK | ||
| 999 | |c 275195 |d 275195 | ||
| 952 | |0 0 |1 0 |4 0 |6 954_000000000000000_BAKB |7 0 |9 292814 |a LAW |b LAW |d 2020-02-28 |l 0 |o 954 BAK-B |p LAW2145 |r 2020-02-28 |t 1 |w 2020-02-28 |y BK | ||